000 00939nam a22003137a 4500
001 0024639
003 KOHA_MİRAKIL
005 20260207002445.0
007 ta
008 101122b2007 us |||gr||||#||||0|eng |
020 _a9780071266208
040 _aTR-BiSEU
_btur
_cTR-BiSEU
_erda
041 0 _aeng
044 _cus
050 _aQD253
_b.A74 2007
100 1 _aAtkins, Robert Charles.
245 1 _aOrganic chemistry :
_ba brief course/
_cRobert Charles Atkins ; Robert C. Atkins, Francis A. Carey.
250 _a3rd ed.
264 1 _aBoston :
_bMcGraw-Hill, c2007
_c2007
300 _axxiii, [574] sayfa: resimli; 26 cm.
336 _ametin
_btxt
_2rdacontent
337 _aaracısız
_bn
_2rdamedia
338 _acilt
_bnc
_2rdacarrier
490 0 _aInternational Edition
500 _aKaynakça ve dizin var.
650 0 _aChemistry, Organic.
_91515
830 0 _aInternational Edition
_950160
942 _2lcc
_cBK
999 _c24590
_d24590